| 000 | 00505nam a22001577a 4500 | ||
|---|---|---|---|
| 005 | 20150313174757.0 | ||
| 008 | 150216b xxu||||| |||| 00| 0 eng d | ||
| 050 |
_aBS2585.3 _bH666 2011 |
||
| 100 |
_aHooker, Morna D. _915062 |
||
| 245 |
_aThe gospel according to Saint Mark _c/ Hooker, Morna D. |
||
| 260 |
_aMichigan _bBakerAcademic _c2011 |
||
| 300 |
_a424p.; _c22cm. |
||
| 440 |
_aBlack's New Testament Commentaries _915020 |
||
| 650 |
_aBible NT _xMark _xCommentaries _916395 |
||
| 942 |
_2lcc _cMONOGRAPH |
||
| 999 |
_c122026 _d122026 |
||